La reconciliación con Dios (Record no. 171412)

MARC details
000 -LEADER
campo de control de longitud fija 00720nam a2200205 i 4500
001 - NÚMERO DE CONTROL
campo de control 171412
003 - IDENTIFICADOR DE NÚMERO DE CONTROL
campo de control ES-MaACL
005 - FECHA Y HORA DE LA ÚLTIMA TRANSACCIÓN
campo de control 20250808062806.0
008 - DATOS DE LONGITUD FIJA--INFORMACIÓN GENERAL
campo de control de longitud fija 090514s1971 sp |||| | spa d
017 ## - NÚMERO DE COPYRIGHT O DE DEPÓSITO LEGAL
Número de copyright o de depósito legal M 28595-1971
100 1# - ENTRADA PRINCIPAL--NOMBRE DE PERSONA
Nombre de persona Flórez García, Gonzalo.
9 (RLIN) 140128
245 13 - MENCIÓN DEL TÍTULO
Título La reconciliación con Dios
Resto del título : estudio teológico-pastoral sobre el sacramento de la penitencia /
Mención de responsabilidad, etc. por Gonzalo Flórez García.
260 ## - PUBLICACIÓN, DISTRIBUCIÓN, ETC.
Lugar de publicación, distribución, etc. Madrid :
Nombre del editor, distribuidor, etc. [La Editorial Católica],
Fecha de publicación, distribución, etc. 1971.
300 ## - DESCRIPCIÓN FÍSICA
Extensión XXIV, 347 p. ;
Dimensiones 20 cm.
490 1# - MENCIÓN DE SERIE
Mención de serie Biblioteca de autores cristianos ;
Designación de volumen o secuencia 329
500 ## - NOTA GENERAL
Nota general Índices.
830 00 - PUNTO DE ACCESO ADICIONAL DE SERIE-TÍTULO UNIFORME
Título uniforme Biblioteca de autores cristianos
Designación de volumen o secuencia 329
9 (RLIN) 178679
852 ## - LOCALIZACIÓN
Ubicación ES-MaACL
Número de control de estantería J-322
itemnumber R.46092
Holdings
Estatus retirado Estado de pérdida Estado de daño No para préstamo Biblioteca de origen Biblioteca actual Ubicación en estantería Fecha de adquisición Fuente de adquisición Total de préstamos Signatura topográfica completa Código de barras Visto por última vez Precio de reemplazo Tipo de ítem Koha
        Biblioteca del Ateneo de Madrid Biblioteca del Ateneo de Madrid Depósito 2 14/05/2009     J-322 1179889 23/02/2023 23/02/2023 Libro impreso